Barrie Machin's India. Ladakh sowing crops /

This film, produced and directed by Barrie Machin, shows farm workers plowing and sowing seed in Ladakh, India.

Bibliographic Details
Other Authors: Machin, Barrie (Director, Producer)
Format: Video
Language:English
Language Notes:In English.
Published: [Place of publication not identified] : Privately Published, 2013.
Subjects:
Online Access:Connect to this streaming video (Alexander Street Press)

MARC

Tag First Indicator Second Indicator Subfields
LEADER 00000cgm a2200000Mi 4500
001 in00005563021
006 m o c
007 cr |n||||||||a
007 vz |za|z|
008 151006s2013 xx 009 e o vueng d
005 20241201231423.8
035 |a (OCoLC)ocn934519871 
040 |a ALSTP  |b eng  |e rda  |e pn  |c ALSTP  |d OCLCO  |d OCLCF  |d COO  |d OCLCO  |d NRC  |d U3G  |d OCLCQ  |d OCLCA  |d SNN  |d INT  |d OCLCQ  |d WYU  |d VLB  |d OCLCO  |d OCLCL 
035 |a (OCoLC)934519871 
043 |a a-ii--- 
050 4 |a GN303 
050 1 4 |a S471.I3  |b L33 2013ev 
049 |a TXAM 
245 0 0 |a Barrie Machin's India.  |p Ladakh sowing crops /  |c [produced and directed] by Barrie Machin. 
264 1 |a [Place of publication not identified] :  |b Privately Published,  |c 2013. 
300 |a 1 online resource (9 min.) 
306 |a 000823 
336 |a two-dimensional moving image  |b tdi  |2 rdacontent 
337 |a video  |b v  |2 rdamedia 
337 |a computer  |b c  |2 rdamedia 
338 |a other  |b vz  |2 rdacarrier 
338 |a online resource  |b cr  |2 rdacarrier 
347 |a data file  |2 rda 
500 |a Title from resource description page (viewed October 06, 2015). 
518 |a Originally produced by Barrie Machin in 1986. 
520 |a This film, produced and directed by Barrie Machin, shows farm workers plowing and sowing seed in Ladakh, India. 
546 |a In English. 
650 0 |a Agriculture  |z India. 
650 0 |a Agricultural laborers  |z India. 
651 0 |a India. 
650 6 |a Agriculture  |z Inde. 
650 7 |a Agricultural laborers.  |2 fast  |0 (OCoLC)fst00800949 
650 7 |a Agriculture.  |2 fast  |0 (OCoLC)fst00801355 
651 7 |a India.  |2 fast  |0 (OCoLC)fst01210276  |1 https://id.oclc.org/worldcat/entity/E39PBJmdx47cDXrRhBXHtbvPwC 
655 4 |a Online media. 
655 7 |a Documentary films.  |2 fast  |0 (OCoLC)fst01710390 
655 7 |a Documentary films.  |2 lcgft 
655 7 |a Documentaires.  |2 rvmgf 
700 1 |a Machin, Barrie,  |e director,  |e producer. 
856 4 0 |u http://proxy.library.tamu.edu/login?url=https://www.aspresolver.com/aspresolver.asp?AVN2;2622411  |z Connect to this streaming video (Alexander Street Press)  |t 0 
955 |a Alexander Street Press subscription streaming video 
994 |a 92  |b TXA 
999 f f |s a3e0d83a-5707-47ee-99a6-acc7f6a6e078  |i cfc5e819-6865-4d95-bc4e-f1e0bf218005  |t 0 
952 f f |a Texas A&M University  |b College Station  |c Electronic Resources  |d Available Online  |t 0  |e GN303S471.I3 L33 2013ev  |h Library of Congress classification 
998 f f |a GN303S471.I3 L33 2013ev  |t 0  |l Available Online